Economics as a moral and ethical science from the viewpoint of the theory of economics and practice

Ekonómia blahobytu a etické meradlo nezamestnanosti z pohľadu ekonomickej teórie a praxe. Etická dimenzia blahobytu.

Guardado en:
Detalles Bibliográficos
Autor principal: Ivanová, Pavlína
Formato: Capítulo de libro
Lenguaje:inglés
Materias:
Etiquetas: Agregar Etiqueta
Sin Etiquetas, Sea el primero en etiquetar este registro!

MARC

LEADER 00000naa a2200000 4500
001 0163713
005 20240502072839.9
041 0 |a eng 
044 |a SK 
245 1 0 |a Economics as a moral and ethical science from the viewpoint of the theory of economics and practice  |c Pavlína Ivanová 
520 |a Ekonómia blahobytu a etické meradlo nezamestnanosti z pohľadu ekonomickej teórie a praxe. Etická dimenzia blahobytu. 
610 2 0 |a morálka 
610 2 0 |a kríza hospodárska 
610 2 0 |a rast hospodársky 
610 2 0 |a etika 
610 2 0 |a veda ekonomická 
610 2 0 |a teórie ekonomické 
610 2 0 |a prax odborná 
100 1 |a Ivanová, Pavlína